[Event "Budapest-chT1 Lilienthal 1718"]
[Site "Budapest"]
[Date "2018.02.04"]
[Round "8"]
[White "Grimm, Gyorgy"]
[Black "Ruszin, Peter"]
[Result "1/2-1/2"]
[WhiteElo "2138"]
[BlackElo "2014"]
[PlyCount "32"]
[EventDate "2017.10.01"]
[EventType "team-tourn"]
[EventRounds "13"]
[EventCountry "HUN"]
[SourceTitle "EXT 2021"]
[Source "ChessBase"]
[SourceDate "2020.10.23"]
[SourceVersion "1"]
[SourceVersionDate "2020.10.23"]
[SourceQuality "1"]
[WhiteTeam "Barcza GSC"]
[BlackTeam "Budapest Ujpest KSE"]
[WhiteTeamCountry "HUN"]
[BlackTeamCountry "HUN"]

1. e4 d5 2. exd5 Nf6 3. Bb5+ Bd7 4. Be2 Nxd5 5. d4 e6 6. c4 Nf6 7. Nf3 Bb4+ 8. Bd2 Bxd2+ 9. Qxd2 0-0 10. Nc3 Bc6 11. 0-0 Ne4 12. Qe3 Nxc3 13. bxc3 Nd7 14. Rfd1 Re8 15. Qf4 Rc8 16. Rab1 Qf6 1/2-1/2

[Event "Budapest-chT1 Lilienthal 1213"]
[Site "Budapest"]
[Date "2012.09.30"]
[Round "1"]
[White "Ruck, Robert1111"]
[Black "Ruszin, Peter"]
[Result "1/2-1/2"]
[WhiteElo "1985"]
[BlackElo "2019"]
[PlyCount "41"]
[EventDate "2012.09.30"]
[EventType "team-tourn"]
[EventRounds "11"]
[EventCountry "HUN"]
[SourceTitle "EXT 2019"]
[Source "ChessBase"]
[SourceDate "2018.10.10"]
[SourceVersion "1"]
[SourceVersionDate "2018.10.10"]
[SourceQuality "1"]
[WhiteTeam "Sarkany II"]
[BlackTeam "Budapest Ujpest KSE"]
[WhiteTeamCountry "HUN"]
[BlackTeamCountry "HUN"]

1. e4 d5 2. exd5 Nf6 3. d4 Nxd5 4. Nf3 Bg4 5. Be2 e6 6. 0-0 Bd6 7. h3 Bh5 8. Ne5 Bxe2 9. Qxe2 Bxe5 10. dxe5 Nc6 11. Rd1 Qh4 12. c4 Nf4 13. Qe3 Ng6 14. f4 0-0 15. Nc3 Rad8 16. Qf2 Rxd1+ 17. Nxd1 Rd8 18. Be3 Qxf2+ 19. Kxf2 Nb4 20. a3 Nd3+ 21. Kf3 1/2-1/2

[Event "HUN-chT2 Toth 0304"]
[Site "Hungary"]
[Date "2004.04.04"]
[Round "10"]
[White "Ruszin, Peter"]
[Black "Tompa, Janos"]
[Result "0-1"]
[WhiteElo "2058"]
[BlackElo "2397"]
[PlyCount "76"]
[EventDate "2003.09.28"]
[EventType "team"]
[EventRounds "11"]
[EventCountry "HUN"]
[SourceTitle "EXT 2009"]
[Source "ChessBase"]
[SourceDate "2008.11.26"]
[SourceVersion "1"]
[SourceVersionDate "2008.11.26"]
[SourceQuality "1"]
[WhiteTeam "Szarvas"]
[BlackTeam "Bege"]
[WhiteTeamCountry "HUN"]
[BlackTeamCountry "HUN"]

1. e4 c5 2. c3 Nf6 3. e5 Nd5 4. d4 cxd4 5. cxd4 e6 6. Nc3 Nxc3 7. bxc3 Qc7 8. Qb3 d6 9. Nf3 Nd7 10. exd6 Bxd6 11. Ba3 0-0 12. Bd3 b6 13. Bxd6 Qxd6 14. Ng5 Nf6 15. Ne4 Nxe4 16. Bxe4 Rb8 17. 0-0 Ba6 18. Rfe1 Rfc8 19. Re3 Bb7 20. Bd3 Qd5 21. Qxd5 Bxd5 22. Bc2 b5 23. Bb3 Bc4 24. f4 Rb6 25. Kf2 g6 26. Ke1 Ra6 27. Bxc4 Rxc4 28. a3 Ra5 29. Rd3 a6 30. Kd2 Rca4 31. Kc2 Rxa3 32. Rxa3 Rxa3 33. Kb2 b4 34. Rf3 Rxc3 35. Rxc3 bxc3+ 36. Kxc3 Kf8 37. Kb4 Ke7 38. Ka5 Kd6 0-1

[Event "HUN-chT2 Toth 0304"]
[Site "Hungary"]
[Date "2004.02.22"]
[Round "8"]
[White "Ruszin, Peter"]
[Black "Andor, Laszlo"]
[Result "1/2-1/2"]
[WhiteElo "2058"]
[BlackElo "2201"]
[PlyCount "79"]
[EventDate "2003.09.28"]
[EventType "team"]
[EventRounds "11"]
[EventCountry "HUN"]
[SourceTitle "EXT 2009"]
[Source "ChessBase"]
[SourceDate "2008.11.26"]
[SourceVersion "1"]
[SourceVersionDate "2008.11.26"]
[SourceQuality "1"]
[WhiteTeam "Szarvas"]
[BlackTeam "Bekes"]
[WhiteTeamCountry "HUN"]
[BlackTeamCountry "HUN"]

1. e4 g6 2. d4 Bg7 3. h4 h5 4. Nf3 d6 5. Bg5 c5 6. Bb5+ Bd7 7. Bxd7+ Nxd7 8. c3 Qb6 9. Qd2 Ngf6 10. Qe2 Ng4 11. Na3 cxd4 12. Nc4 Qa6 13. Nxd4 Rc8 14. Ne3 Qxe2+ 15. Kxe2 Bxd4 16. cxd4 Nxe3 17. Kxe3 f6 18. Rac1 Kf7 19. Bf4 Nb6 20. Kd3 Rhd8 21. Rxc8 Rxc8 22. Rc1 Rxc1 23. Bxc1 d5 24. f3 Ke6 25. b3 Kd7 26. Bf4 e6 27. Bb8 Nc8 28. Ke3 a6 29. e5 f5 30. Kf2 Ke7 31. Bc7 Na7 32. Bd6+ Kf7 33. Ba3 Nc6 34. Bc5 Ke8 35. Kg3 Kf7 36. Kf4 Ke8 37. Kg5 Kf7 38. Kf4 Nb8 39. Bd6 Nc6 40. Bc5 1/2-1/2

[Event "HUN-chT2 Toth 0203"]
[Site "Hungary"]
[Date "2003.04.13"]
[Round "11"]
[White "Ruszin, Peter"]
[Black "Dostan, Janos"]
[Result "0-1"]
[WhiteElo "2135"]
[BlackElo "2307"]
[PlyCount "64"]
[EventDate "2002.09.22"]
[EventType "team"]
[EventRounds "11"]
[EventCountry "HUN"]
[SourceTitle "EXT 2009"]
[Source "ChessBase"]
[SourceDate "2008.11.26"]
[SourceVersion "1"]
[SourceVersionDate "2008.11.26"]
[SourceQuality "1"]

1. e4 d6 2. d4 Nf6 3. Nc3 c6 4. Nf3 Qa5 5. Bd3 e5 6. 0-0 Be7 7. Bd2 Qc7 8. dxe5 dxe5 9. Ne2 Nbd7 10. Bc3 0-0 11. Ng3 g6 12. Qd2 Re8 13. Bc4 b5 14. Bb3 c5 15. Ba5 Nb6 16. c4 b4 17. a4 Bb7 18. Bxb6 axb6 19. Rfe1 Rad8 20. Qe2 Bf8 21. Bc2 Bh6 22. b3 Nd7 23. Nf1 Nf8 24. Ne3 Bxe3 25. Qxe3 Ne6 26. Rad1 Nd4 27. Nxd4 exd4 28. Qh3 Re6 29. Bd3 Rde8 30. f3 f5 31. Qh4 Qe7 32. Qxe7 R8xe7 0-1

[Event "HUN-chT2 Toth 0203"]
[Site "Hungary"]
[Date "2003.03.23"]
[Round "9"]
[White "Ruszin, Peter"]
[Black "Fekete, Albert"]
[Result "0-1"]
[WhiteElo "2135"]
[BlackElo "2269"]
[PlyCount "110"]
[EventDate "2002.09.22"]
[EventType "team"]
[EventRounds "11"]
[EventCountry "HUN"]
[SourceTitle "EXT 2009"]
[Source "ChessBase"]
[SourceDate "2008.11.26"]
[SourceVersion "1"]
[SourceVersionDate "2008.11.26"]
[SourceQuality "1"]

1. d4 Nf6 2. Nf3 g6 3. Bg5 Bg7 4. Nc3 d5 5. e3 0-0 6. Bd3 Nbd7 7. 0-0 c5 8. b3 b6 9. Ne2 Bb7 10. c3 Qe8 11. Bf4 Nh5 12. Ng3 Nxg3 13. Bxg3 Rd8 14. Bb5 a6 15. Bxd7 Rxd7 16. Ne5 Rd8 17. f4 f6 18. Nf3 Qc6 19. b4 cxb4 20. cxb4 Rc8 21. Qd2 Qa4 22. Rfc1 Qa3 23. Be1 e6 24. Rc3 Rxc3 25. Qxc3 Qxc3 26. Bxc3 Rc8 27. Bd2 Bf8 28. a3 Bd6 29. Rc1 Rc4 30. Kf2 Kf7 31. g4 Bc6 32. h4 Ba4 33. g5 b5 34. Rh1 Bc2 35. h5 gxh5 36. Rxh5 Bg6 37. Rh1 Rc2 38. Rc1 Rxc1 39. Bxc1 Be4 40. Nd2 fxg5 41. fxg5 Kg6 42. Nb3 Kxg5 43. Nc5 Kg4 44. Nxe6 Bg3+ 45. Kg1 h5 46. Nc5 Bf3 47. Nd3 Kf5 48. Bd2 h4 49. Be1 Ke4 50. Bxg3 hxg3 51. Nc5+ Kxe3 52. a4 bxa4 53. Nxa4 Kxd4 54. Nc5 Kc4 55. Nxa6 d4 0-1

[Event "HUN-chT2 Toth 0203"]
[Site "Hungary"]
[Date "2003.02.02"]
[Round "6"]
[White "Reiss, Tibor"]
[Black "Ruszin, Peter"]
[Result "1-0"]
[WhiteElo "2347"]
[BlackElo "2135"]
[PlyCount "59"]
[EventDate "2002.09.22"]
[EventType "team"]
[EventRounds "11"]
[EventCountry "HUN"]
[SourceTitle "EXT 2009"]
[Source "ChessBase"]
[SourceDate "2008.11.26"]
[SourceVersion "1"]
[SourceVersionDate "2008.11.26"]
[SourceQuality "1"]

1. d4 c5 2. d5 e5 3. e4 d6 4. Nc3 a6 5. a4 g6 6. h4 h5 7. g3 Bg7 8. Be2 Nf6 9. Nf3 0-0 10. Nd2 Ng4 11. Nc4 f5 12. f3 Nh6 13. Bg5 Qc7 14. Qd2 Nf7 15. Be3 Nd7 16. a5 b5 17. axb6 Nxb6 18. Nxb6 Qxb6 19. 0-0 f4 20. gxf4 exf4 21. Bxf4 Qxb2 22. e5 Nxe5 23. Rab1 Qa3 24. Ne4 Bh3 25. Rb3 Qa4 26. Rfb1 Qd7 27. Bxe5 Bxe5 28. Rb7 Qf5 29. Qh6 Rf7 30. Ng5 1-0

[Event "HUN-chT2 Toth 0203"]
[Site "Hungary"]
[Date "2002.12.08"]
[Round "4"]
[White "Soos, Arpad"]
[Black "Ruszin, Peter"]
[Result "1-0"]
[WhiteElo "2391"]
[BlackElo "2135"]
[PlyCount "53"]
[EventDate "2002.09.22"]
[EventType "team"]
[EventRounds "11"]
[EventCountry "HUN"]
[SourceTitle "EXT 2009"]
[Source "ChessBase"]
[SourceDate "2008.11.26"]
[SourceVersion "1"]
[SourceVersionDate "2008.11.26"]
[SourceQuality "1"]

1. e4 d6 2. d4 g6 3. c4 Bg7 4. Nc3 Nc6 5. Be3 e5 6. d5 Nce7 7. Bd3 f5 8. f3 c5 9. dxc6 bxc6 10. Qd2 c5 11. Bc2 f4 12. Bf2 Ba6 13. Ba4+ Kf8 14. Bb5 Bb7 15. 0-0-0 a6 16. Ba4 Rc8 17. Qxd6 Qxd6 18. Rxd6 Nf6 19. Nge2 g5 20. Kb1 Kf7 21. Nc1 Bf8 22. Rb6 Rb8 23. Nd3 Bxe4 24. Rxf6+ Kxf6 25. Nxe4+ Kg7 26. Nxe5 Ng6 27. Nd7 1-0

[Event "HUN-chT2 Toth 0203"]
[Site "Hungary"]
[Date "2002.09.22"]
[Round "1"]
[White "Ruszin, Peter"]
[Black "Horvath, Zsolt"]
[Result "1-0"]
[WhiteElo "2135"]
[BlackElo "2167"]
[PlyCount "81"]
[EventDate "2002.09.22"]
[EventType "team"]
[EventRounds "11"]
[EventCountry "HUN"]
[SourceTitle "EXT 2009"]
[Source "ChessBase"]
[SourceDate "2008.11.26"]
[SourceVersion "1"]
[SourceVersionDate "2008.11.26"]
[SourceQuality "1"]

1. e4 c6 2. Nc3 d5 3. Qf3 dxe4 4. Nxe4 Nf6 5. Bc4 Nbd7 6. Nxf6+ gxf6 7. Qg3 Nb6 8. Bb3 Bf5 9. d3 e6 10. Nf3 Bd6 11. Qg7 Ke7 12. Nh4 Bg6 13. Bd2 Qf8 14. Qxf8+ Rhxf8 15. 0-0-0 Nd5 16. Nxg6+ fxg6 17. Rde1 Kd7 18. g3 e5 19. Bh6 Rfe8 20. c3 Bf8 21. Bd2 f5 22. Re2 Bd6 23. Bg5 Bf8 24. Rhe1 Bg7 25. a3 f4 26. Bxd5 cxd5 27. gxf4 h6 28. Bh4 exf4 29. Re7+ Rxe7 30. Rxe7+ Kd6 31. Rxg7 g5 32. Bxg5 hxg5 33. Rxg5 Rh8 34. Rf5 Rh4 35. Kd2 Ke6 36. Rf8 Ke7 37. Rb8 b6 38. Rb7+ Kd6 39. Rxa7 Rxh2 40. Ke2 Rh1 41. Ra4 1-0

[Event "HUN-chT3 0001"]
[Site "Hungary"]
[Date "2001.03.25"]
[Round "9.1"]
[White "Ruszin, Peter"]
[Black "Abel, Lajos"]
[Result "0-1"]
[WhiteElo "2140"]
[BlackElo "2311"]
[PlyCount "34"]
[EventDate "2000.10.29"]
[EventType "team"]
[EventRounds "11"]
[EventCountry "HUN"]
[SourceTitle "EXT 2007"]
[Source "ChessBase"]
[SourceDate "2006.11.23"]
[SourceVersion "1"]
[SourceVersionDate "2006.11.23"]
[SourceQuality "1"]

1. e4 c6 2. d4 d5 3. Nc3 dxe4 4. Nxe4 Nf6 5. Nxf6+ exf6 6. Nf3 Bd6 7. Bd3 0-0 8. 0-0 Bg4 9. c3 Nd7 10. h3 Bh5 11. Be3 Re8 12. Bf5 Nb6 13. Bg4 Bg6 14. Nd2 f5 15. c4 Bc7 16. Bxf5 Bxf5 17. Qb3 Qd7 0-1

[Event "HUN-chT3 0001"]
[Site "Hungary"]
[Date "2001.02.25"]
[Round "7.1"]
[White "Ruszin, Peter"]
[Black "Monus, Zoltan"]
[Result "1/2-1/2"]
[WhiteElo "2140"]
[BlackElo "2190"]
[PlyCount "43"]
[EventDate "2000.10.29"]
[EventType "team"]
[EventRounds "11"]
[EventCountry "HUN"]
[SourceTitle "EXT 2007"]
[Source "ChessBase"]
[SourceDate "2006.11.23"]
[SourceVersion "1"]
[SourceVersionDate "2006.11.23"]
[SourceQuality "1"]

1. e4 e5 2. Nf3 Nc6 3. Nc3 Nf6 4. Bb5 Bb4 5. 0-0 Bxc3 6. bxc3 0-0 7. Re1 d6 8. Bxc6 bxc6 9. d4 exd4 10. cxd4 d5 11. Bg5 h6 12. Bxf6 Qxf6 13. Ne5 Rd8 14. exd5 cxd5 15. Re3 Be6 16. Rf3 Qg5 17. Rc3 Rdc8 18. Nc6 a5 19. Rb1 Ra6 20. Qe2 Rca8 21. g3 Kh7 22. h4 1/2-1/2

[Event "HUN-chT3 0001"]
[Site "Hungary"]
[Date "2000.12.03"]
[Round "4.1"]
[White "Bernath, Robert"]
[Black "Ruszin, Peter"]
[Result "0-1"]
[WhiteElo "2186"]
[BlackElo "2140"]
[PlyCount "86"]
[EventDate "2000.10.29"]
[EventType "team"]
[EventRounds "11"]
[EventCountry "HUN"]
[SourceTitle "EXT 2007"]
[Source "ChessBase"]
[SourceDate "2006.11.23"]
[SourceVersion "1"]
[SourceVersionDate "2006.11.23"]
[SourceQuality "1"]

1. e4 d6 2. d4 g6 3. Nc3 Bg7 4. f4 Nf6 5. Nf3 c5 6. Bb5+ Nfd7 7. Be3 0-0 8. Qd2 a6 9. Be2 b5 10. e5 Bb7 11. dxc5 dxe5 12. 0-0-0 Qa5 13. Kb1 exf4 14. Nd5 Qxd2 15. Nxe7+ Kh8 16. Bxd2 Re8 17. c6 Nxc6 18. Nxc6 Rxe2 19. Na5 Bxf3 20. gxf3 Rc8 21. c3 Ne5 22. Bxf4 Nxf3 23. Rd7 g5 24. Rf1 gxf4 25. Rxf3 b4 26. Rfd3 Bf6 27. Nb3 bxc3 28. bxc3 Kg7 29. Nd4 Rb8+ 30. Kc1 Bxd4 31. R7xd4 Rbb2 32. Rd2 Rxa2 33. Rxa2 Rxa2 34. Rxf4 Rxh2 35. Ra4 h5 36. Rxa6 h4 37. Ra4 h3 38. Rh4 Kf6 39. c4 Ke5 40. Rh7 f5 41. c5 Kd5 42. Rh5 Kc6 43. Rxf5 Rg2 0-1

[Event "HUN-chT3 0001"]
[Site "Hungary"]
[Date "2000.10.29"]
[Round "1.1"]
[White "Ruszin, Peter"]
[Black "Adok, Janos"]
[Result "0-1"]
[WhiteElo "2140"]
[BlackElo "2242"]
[PlyCount "70"]
[EventDate "2000.10.29"]
[EventType "team"]
[EventRounds "11"]
[EventCountry "HUN"]
[SourceTitle "EXT 2007"]
[Source "ChessBase"]
[SourceDate "2006.11.23"]
[SourceVersion "1"]
[SourceVersionDate "2006.11.23"]
[SourceQuality "1"]

1. e4 e6 2. d4 d5 3. e5 c5 4. c3 Nc6 5. Nf3 f5 6. exf6 Nxf6 7. Bd3 Bd6 8. Bg5 Qc7 9. Na3 a6 10. Bxf6 gxf6 11. dxc5 Bxc5 12. Nc2 0-0 13. 0-0 Kh8 14. Ncd4 e5 15. Nxc6 bxc6 16. Nh4 e4 17. Bxe4 dxe4 18. Qh5 f5 19. Ng6+ Kg8 20. Nxf8 Bxf8 21. Rfe1 Be6 22. Re3 Qf7 23. Qg5+ Kh8 24. b3 Be7 25. Qf4 Rd8 26. Rae1 Bd6 27. Qh4 Rg8 28. Kh1 Qg7 29. Rg1 f4 30. Ree1 Qxc3 31. Rc1 Qe5 32. Rxc6 Bd5 33. Rcc1 e3 34. fxe3 f3 35. Rgd1 fxg2+ 0-1